Greenland : a novel /

A dazzling literary debut novel-within-a-novel, in the vein of The Prophets, about a young author writing about the forbidden love affair between E.M. Forster and Mohammed el Adl, in which Mohammed's story collides with his own, blending fact and fiction.

Bibliographic Details
Main Author: Santos Donaldson, David (Author)
Format: Book
Language:English
Published: New York : Amistad 35, an imprint of HarperCollinsPublishers, [2021].
Edition:First edition.
Subjects:

MARC

Tag First Indicator Second Indicator Subfields
LEADER 00000cam a2200000 i 4500
001 in00004592016
003 OCoLC
005 20220825142408.8
008 210929t20212021nyu 000 1 eng d
010 |a 20211038031 
040 |a DLC  |e rda  |c DLC 
020 |a 9780063159556  |q (hardcover) 
020 |a 0063159554  |q (hardcover) 
035 |a (OCoLC)1322110787 
050 0 0 |a PS3619.A5988  |b G74 2021 
082 0 0 |a 813/.6  |2 23/eng/20211027 
100 1 |a Santos Donaldson, David,  |e author. 
245 1 0 |a Greenland :  |b a novel /  |c David Santos Donaldson. 
250 |a First edition. 
264 1 |a New York :  |b Amistad 35, an imprint of HarperCollinsPublishers,  |c [2021]. 
264 4 |c Â©2021. 
300 |a 324 pages ;  |c 22 cm. 
336 |a text  |b txt  |2 rdacontent 
337 |a unmediated  |b n  |2 rdamedia 
338 |a volume  |b nc  |2 rdacarrier 
520 |a A dazzling literary debut novel-within-a-novel, in the vein of The Prophets, about a young author writing about the forbidden love affair between E.M. Forster and Mohammed el Adl, in which Mohammed's story collides with his own, blending fact and fiction. 
650 0 |a Authorship  |v Fiction. 
650 0 |a Novelists  |v Fiction. 
650 0 |a Fiction  |x Authorship  |v Fiction. 
600 1 0 |a Forster, E. M.  |q (Edward Morgan),  |d 1879-1970  |v Fiction. 
945 |b 398338 
947 |a A14851592783 
948 |a dmitchel 8/25/22 9.20.10 
980 |b print  |c 40031263182  |f LIT/B  |g 565714  |k USD  |m 21.86  |q 1  |s AcqMono Conventional  |t Approval plan  |u Vendor order reference number  |v ZYBP  |y Print approval  |z Physical resource 
999 f f |i 30fe6e36-a639-4642-b5b9-e5add5ddfceb  |s 965bc479-8c5c-4d34-85c0-b3c47688283d  |t 0 
952 f f |p normal  |a Texas A&M University  |b College Station  |c Sterling C. Evans Library  |d Evans: Library Stacks  |t 0  |e PS3619.A5988 G74 2021  |h Library of Congress classification  |i unmediated -- volume  |m A14851592783 
998 f f |a PS3619.A5988 G74 2021  |t 0  |l Evans: Library Stacks